000 00761nam a22002417a 4500
005 20170124110051.0
010 _aA-574669
020 _c00.00
_a0074624814
035 _aA-574669
037 _bCen Lib/Ret
040 _aDPL
_bEN
082 _a658.269
_bUDA
100 _aUdpa, S. R.
_925539
245 _aQuality circles :
_cby S R Udpa
_bprogress through participation /
250 _a2nd ed
260 _aNew Delhi
_bTata Mcgraw-Hill Publishing Company
_c1993
270 _a4/12, Asaf ali road
_bNew Delhi
_e110002
300 _axiv, 226p. :
_c21cm(Hb)
500 _aIncludes bibliographical references and index
650 _aQuality management
_917216
650 _aQuality circle
_925540
942 _2ddc
_cEN
_h658.569
_mUDA
999 _c129141
_d129141